[Event "Prague Summer op-A 10th"]
[Site "Prague"]
[Date "2023.08.07"]
[Round "5"]
[White "Vanduyfhuys, Igor"]
[Black "Kawulok, Marek"]
[Result "0-1"]
[WhiteElo "2022"]
[BlackElo "2173"]
[PlyCount "62"]
[EventDate "2023.08.04"]
[EventType "swiss"]
[EventRounds "9"]
[EventCountry "CZE"]
[SourceTitle "CBM 215 Extra"]
[Source "ChessBase"]
[SourceDate "2023.09.30"]
[SourceVersion "1"]
[SourceVersionDate "2023.09.30"]
[SourceQuality "1"]

1. e4 e5 2. Nf3 Nc6 3. Bc4 d6 4. d3 Na5 5. Bb3 Nxb3 6. axb3 Be7 7. 0-0 f5 8. Nc3 Nf6 9. Re1 0-0 10. d4 fxe4 11. Nxe4 Nxe4 12. Rxe4 Bf5 13. Re1 e4 14. Nd2 d5 15. Nf1 Bd6 16. Qh5 c6 17. Ng3 Qd7 18. Nxf5 Rxf5 19. Qg4 Qf7 20. Be3 Rf8 21. Rf1 a6 22. Rae1 Qc7 23. h4 Qf7 24. Re2 Be7 25. g3 Bd6 26. c3 Rf3 27. Rc1 Bxg3 28. fxg3 Rxe3 29. Rg2 Rf3 30. Kh2 h6 31. Re1 Qf5 0-1

[Event "Prague Summer op-A 10th"]
[Site "Prague"]
[Date "2023.08.06"]
[Round "3"]
[White "Degenhard, Simon"]
[Black "Vanduyfhuys, Igor"]
[Result "1/2-1/2"]
[WhiteElo "2242"]
[BlackElo "2022"]
[PlyCount "43"]
[EventDate "2023.08.04"]
[EventType "swiss"]
[EventRounds "9"]
[EventCountry "CZE"]
[SourceTitle "CBM 215 Extra"]
[Source "ChessBase"]
[SourceDate "2023.09.30"]
[SourceVersion "1"]
[SourceVersionDate "2023.09.30"]
[SourceQuality "1"]

1. e4 c5 2. Nf3 g6 3. d4 cxd4 4. Nxd4 Nc6 5. c4 Nf6 6. Nc3 d6 7. Be2 Nxd4 8. Qxd4 Bg7 9. Be3 0-0 10. Qd2 a5 11. f3 a4 12. Kf2 Qa5 13. Rab1 Be6 14. Rhc1 Rfc8 15. Nd5 Qxd2 16. Bxd2 Bxd5 17. cxd5 Nd7 18. Rxc8+ Rxc8 19. Rc1 Bd4+ 20. Ke1 Nc5 21. Bc3 Be3 22. Bd2 1/2-1/2

[Event "St Veit op 42nd"]
[Site "St Veit"]
[Date "2023.07.13"]
[Round "7"]
[White "Vanduyfhuys, Daria"]
[Black "Vanduyfhuys, Igor"]
[Result "1-0"]
[WhiteElo "2043"]
[BlackElo "1894"]
[PlyCount "79"]
[EventDate "2023.07.08"]
[EventType "swiss"]
[EventRounds "9"]
[EventCountry "AUT"]
[SourceTitle "CBM 215 Extra"]
[Source "ChessBase"]
[SourceDate "2023.09.30"]
[SourceVersion "1"]
[SourceVersionDate "2023.09.30"]
[SourceQuality "1"]

1. d4 Nf6 2. c4 g6 3. Nc3 Bg7 4. e4 d6 5. h3 0-0 6. Be3 c5 7. Nf3 cxd4 8. Nxd4 Nc6 9. Be2 Bd7 10. 0-0 Nxd4 11. Bxd4 Bc6 12. Qd3 a5 13. Rad1 Nd7 14. Bxg7 Kxg7 15. Qd4+ Kg8 16. Bg4 Nc5 17. e5 h5 18. Be2 Ne6 19. Qe3 Re8 20. exd6 exd6 21. Qg3 h4 22. Qg4 Qf6 23. Rxd6 a4 24. Rd2 a3 25. Nd5 Bxd5 26. cxd5 Nf4 27. bxa3 Re4 28. Kh1 Rxa3 29. Bf3 Rc4 30. Qd7 Rcc3 31. Bg4 Qg5 32. Rfd1 f5 33. Re1 Ra8 34. Re8+ Rxe8 35. Qxe8+ Kg7 36. Qe5+ Kg8 37. Qxc3 fxg4 38. Qc8+ Kh7 39. Qxg4 Qe5 40. Rd1 1-0

[Event "St Veit op 42nd"]
[Site "St Veit"]
[Date "2023.07.11"]
[Round "5"]
[White "Stagl, Marco"]
[Black "Vanduyfhuys, Igor"]
[Result "1/2-1/2"]
[WhiteElo "2139"]
[BlackElo "1894"]
[PlyCount "66"]
[EventDate "2023.07.08"]
[EventType "swiss"]
[EventRounds "9"]
[EventCountry "AUT"]
[SourceTitle "CBM 215 Extra"]
[Source "ChessBase"]
[SourceDate "2023.09.30"]
[SourceVersion "1"]
[SourceVersionDate "2023.09.30"]
[SourceQuality "1"]

1. c4 Nf6 2. Nc3 g6 3. g3 Bg7 4. Bg2 d6 5. b3 0-0 6. Bb2 c5 7. e3 Nc6 8. Nge2 Nb4 9. d3 Bf5 10. e4 Bg4 11. f3 Bd7 12. Qd2 a6 13. f4 Nc6 14. Nd5 e5 15. 0-0 Nxd5 16. cxd5 Nd4 17. Nxd4 exd4 18. Rfe1 Re8 19. b4 b6 20. a4 a5 21. b5 Qc8 22. Qc2 Ra7 23. Rac1 Bg4 24. Qf2 Bh3 25. Bf3 Rae7 26. Rc4 h5 27. Bc1 f5 28. Bd2 fxe4 29. dxe4 Qd7 30. Kh1 Bg4 31. Bg2 Bh3 32. Bf3 Bg4 33. Bg2 Bh3 1/2-1/2

[Event "San Sebastian op 43rd"]
[Site "San Sebastian"]
[Date "2023.04.02"]
[Round "2"]
[White "Narciso Dublan, Marc"]
[Black "Vanduyfhuys, Igor"]
[Result "1-0"]
[WhiteElo "2429"]
[BlackElo "1999"]
[PlyCount "69"]
[EventDate "2023.04.01"]
[EventType "swiss"]
[EventRounds "9"]
[EventCountry "ESP"]
[SourceTitle "CBM 213 Extra"]
[Source "ChessBase"]
[SourceDate "2023.05.31"]
[SourceVersion "1"]
[SourceVersionDate "2023.05.31"]
[SourceQuality "1"]

1. e4 c5 2. Nc3 g6 3. g3 Nc6 4. Bg2 Bg7 5. d3 e6 6. Be3 d6 7. Qd2 Rb8 8. Nge2 b5 9. 0-0 Nge7 10. Bh6 0-0 11. Rae1 b4 12. Nd1 Nd4 13. Bxg7 Kxg7 14. Ne3 Nec6 15. Nc1 a5 16. c3 Nb5 17. f4 Bb7 18. f5 exf5 19. exf5 Qg5 20. Ne2 Ne5 21. Bxb7 Rxb7 22. Nf4 Kg8 23. Qg2 Rbb8 24. h4 Qd8 25. fxg6 hxg6 26. h5 Qg5 27. Ned5 Rbe8 28. Nh3 Qh6 29. Nf6+ Kg7 30. Nxe8+ Rxe8 31. hxg6 Qxg6 32. Re4 bxc3 33. a4 d5 34. Nf4 Qd6 35. Nxd5 1-0

[Event "Warsaw Najdorf Memorial op-A"]
[Site "Warsaw"]
[Date "2022.07.16"]
[Round "8"]
[White "Pesko, Tomasz"]
[Black "Vanduyfhuys, Igor"]
[Result "1-0"]
[WhiteElo "1830"]
[BlackElo "1959"]
[PlyCount "41"]
[EventDate "2022.07.09"]
[EventType "swiss"]
[EventRounds "9"]
[EventCountry "POL"]
[SourceTitle "CBM 209 Extra"]
[Source "ChessBase"]
[SourceDate "2022.09.30"]
[SourceVersion "1"]
[SourceVersionDate "2022.09.30"]
[SourceQuality "1"]

1. d4 Nf6 2. c4 g6 3. Nc3 Bg7 4. e4 d6 5. f4 0-0 6. Nf3 c5 7. d5 e6 8. Bd3 exd5 9. cxd5 Nbd7 10. 0-0 Re8 11. Re1 Qb6 12. Bc4 Qc7 13. e5 dxe5 14. d6 Qb6 15. fxe5 Ng4 16. Bxf7+ Kxf7 17. Ng5+ Kf8 18. Qd5 Re7 19. dxe7+ Kxe7 20. Qf7+ Kd8 21. Ne6+ 1-0

[Event "Warsaw Najdorf Memorial op-A"]
[Site "Warsaw"]
[Date "2022.07.15"]
[Round "7"]
[White "Vanduyfhuys, Igor"]
[Black "Niezhentsev, Kyrylo"]
[Result "0-1"]
[WhiteElo "1959"]
[BlackElo "1721"]
[PlyCount "76"]
[EventDate "2022.07.09"]
[EventType "swiss"]
[EventRounds "9"]
[EventCountry "POL"]
[SourceTitle "CBM 209 Extra"]
[Source "ChessBase"]
[SourceDate "2022.09.30"]
[SourceVersion "1"]
[SourceVersionDate "2022.09.30"]
[SourceQuality "1"]

1. e4 c5 2. Nf3 d6 3. d4 Nf6 4. Nc3 cxd4 5. Nxd4 a6 6. Be2 e5 7. Nb3 Be7 8. 0-0 0-0 9. Kh1 b5 10. a4 b4 11. Nd5 Bb7 12. Be3 Nbd7 13. Bf3 Nxd5 14. exd5 a5 15. Re1 f5 16. Be2 Nf6 17. Bg5 Ne4 18. Be3 f4 19. f3 Bh4 20. fxe4 Bxe1 21. Bb6 Qxb6 22. Qxe1 Qe3 23. Nd2 Qc5 24. Bd3 Ba6 25. Bxa6 Rxa6 26. Qe2 Ra7 27. Nc4 Raf7 28. Rf1 Rf6 29. b3 Qc7 30. Qf3 Rh6 31. Qg4 Qd8 32. Kg1 f3 33. Rxf3 Rxf3 34. Qxf3 Qh4 35. h3 Qe1+ 36. Kh2 Rf6 37. Qg4 h6 38. Qc8+ Kh7 0-1

[Event "Warsaw Najdorf Memorial op-A"]
[Site "Warsaw"]
[Date "2022.07.11"]
[Round "3"]
[White "Vanduyfhuys, Igor"]
[Black "Mickiewicz, Piotr"]
[Result "0-1"]
[WhiteElo "1959"]
[BlackElo "2284"]
[PlyCount "110"]
[EventDate "2022.07.09"]
[EventType "swiss"]
[EventRounds "9"]
[EventCountry "POL"]
[SourceTitle "CBM 209 Extra"]
[Source "ChessBase"]
[SourceDate "2022.09.30"]
[SourceVersion "1"]
[SourceVersionDate "2022.09.30"]
[SourceQuality "1"]

1. e4 c5 2. Nf3 d6 3. d4 cxd4 4. Nxd4 Nf6 5. Nc3 a6 6. Be2 e6 7. Be3 Qc7 8. Qd2 b5 9. f3 Nbd7 10. g4 h6 11. h4 b4 12. Nd1 d5 13. Rg1 dxe4 14. g5 hxg5 15. hxg5 Nd5 16. fxe4 Nxe3 17. Nxe3 Ne5 18. 0-0-0 Bb7 19. Nf3 Nxf3 20. Bxf3 Rd8 21. Qxd8+ Qxd8 22. Rxd8+ Kxd8 23. Nc4 Bc5 24. Rd1+ Kc7 25. b3 Rh3 26. Rd3 Rg3 27. Ne5 Rxg5 28. Nxf7 Rg1+ 29. Kd2 Be7 30. c3 Ra1 31. cxb4 Rxa2+ 32. Ke3 Bxb4 33. Nd8 Bc8 34. Bg4 Bc5+ 35. Kf3 Rf2+ 36. Kg3 Rf6 37. e5 Rg6 38. Nf7 Bb7 39. Nd6 Bd5 40. Rc3 Kb6 41. Nc8+ Kb5 42. Kf4 Kb4 43. Rc1 Be3+ 44. Kxe3 Rxg4 45. Nd6 Rg3+ 46. Kd4 a5 47. Nc4 a4 48. Nb2 Kxb3 49. Nd3 a3 50. Nc5+ Kb2 51. Rf1 a2 52. Na4+ Kb3 53. Nc5+ Ka3 54. Re1 Rg4+ 55. Kd3 Rb4 0-1

[Event "Rubinstein Memorial-A 54th"]
[Site "Polanica Zdroj"]
[Date "2018.08.25"]
[Round "8"]
[White "Czarniecka, Aleksandra"]
[Black "Vanduyfhuys, Igor"]
[Result "1-0"]
[WhiteElo "1980"]
[BlackElo "1687"]
[PlyCount "65"]
[EventDate "2018.08.18"]
[EventType "swiss"]
[EventRounds "9"]
[EventCountry "POL"]
[SourceTitle "CBM 186 Extra"]
[Source "ChessBase"]
[SourceDate "2018.08.24"]
[SourceVersion "1"]
[SourceVersionDate "2018.08.24"]
[SourceQuality "1"]

1. e4 c5 2. Nf3 g6 3. d4 cxd4 4. Nxd4 Bg7 5. c4 Nc6 6. Nc2 Nf6 7. Nc3 0-0 8. Be2 d6 9. h4 Qa5 10. 0-0 Bd7 11. Bd2 Qb6 12. Rb1 Rac8 13. Be3 Qd8 14. b3 Ne5 15. Bd2 Bc6 16. f4 Ned7 17. Bf3 Nc5 18. Qe2 a6 19. Nb4 Qb6 20. Nbd5 Bxd5 21. Nxd5 Nxd5 22. exd5 Rfe8 23. Be3 Qc7 24. Kh2 e5 25. dxe6 Rxe6 26. Bd5 Re7 27. Qf3 Rce8 28. Bf2 Ne6 29. Bxe6 Rxe6 30. Rbd1 Re2 31. Rfe1 Qe7 32. Rxe2 Qxe2 33. Re1 1-0

[Event "Baltic Cup-B 2nd"]
[Site "Darlowko"]
[Date "2018.06.27"]
[Round "4"]
[White "Wierzbicki, Michal"]
[Black "Vanduyfhuys, Igor"]
[Result "1-0"]
[WhiteElo "1983"]
[BlackElo "1802"]
[PlyCount "63"]
[EventDate "2018.06.24"]
[EventType "swiss"]
[EventRounds "9"]
[EventCountry "POL"]
[SourceTitle "CBM 187 Extra"]
[Source "ChessBase"]
[SourceDate "2018.11.04"]
[SourceVersion "1"]
[SourceVersionDate "2018.11.04"]
[SourceQuality "1"]

1. d4 Nf6 2. Nf3 g6 3. c4 Bg7 4. Nc3 0-0 5. e4 d6 6. Be2 c5 7. d5 e6 8. 0-0 exd5 9. cxd5 Re8 10. Nd2 Na6 11. f3 Nc7 12. a4 b6 13. a5 Bb7 14. Qb3 Nd7 15. a6 Bc8 16. Nb5 Nxb5 17. Bxb5 Qh4 18. f4 Rd8 19. Nf3 Qe7 20. Qc4 Nf6 21. Bc6 Rb8 22. e5 dxe5 23. fxe5 Nd7 24. Bg5 Qf8 25. Bxd8 Qxd8 26. Rae1 b5 27. Qf4 Bxa6 28. Bxd7 Qxd7 29. e6 Qb7 30. exf7+ Kf8 31. Ng5 Bd4+ 32. Kh1 1-0

[Event "EU-ch U12 27th"]
[Site "Mamaia"]
[Date "2017.09.08"]
[Round "4"]
[White "Martinez Soriano, Javier"]
[Black "Vanduyfhuys, Igor"]
[Result "0-1"]
[WhiteElo "1594"]
[BlackElo "1393"]
[PlyCount "69"]
[EventDate "2017.09.05"]
[EventType "swiss"]
[EventRounds "9"]
[EventCountry "ROU"]
[SourceTitle "CBM 180 Extra"]
[Source "ChessBase"]
[SourceDate "2017.10.06"]
[SourceVersion "1"]
[SourceVersionDate "2017.10.06"]
[SourceQuality "1"]

1. e4 c5 2. Nf3 Nc6 3. c4 e5 4. Nc3 g6 5. Be2 Bg7 6. 0-0 Nge7 7. d3 0-0 8. a3 d6 9. Rb1 a5 10. Ne1 Be6 11. Nc2 f5 12. f4 Nd4 13. Bf3 h6 14. Nxd4 exd4 15. Nb5 Nc6 16. Qe1 Kh7 17. Bd2 a4 18. h3 Qd7 19. Qg3 Na7 20. Nxa7 Rxa7 21. b4 axb3 22. Rxb3 Qa4 23. Rfb1 b5 24. Rxb5 Qxa3 25. R5b3 Qa2 26. Be1 Re8 27. Rb7 Bc8 28. Bh5 g5 29. exf5 Bxf5 30. fxg5 Re3 31. Bf3 Bxd3 32. R1b2 Qa1 33. Kh2 Rxb7 34. Rxb7 Qxe1 35. Qg4 0-1

[Event "EU Union-ch U12"]
[Site "Kouty nad Desnou"]
[Date "2017.08.25"]
[Round "7"]
[White "Vanduyfhuys, Igor"]
[Black "Lappi, Aurora"]
[Result "1-0"]
[WhiteElo "1530"]
[BlackElo "1126"]
[PlyCount "57"]
[EventDate "2017.08.19"]
[EventType "swiss"]
[EventRounds "9"]
[EventCountry "CZE"]
[SourceTitle "CBM 180 Extra"]
[Source "ChessBase"]
[SourceDate "2017.10.06"]
[SourceVersion "1"]
[SourceVersionDate "2017.10.06"]
[SourceQuality "1"]

1. e4 c5 2. f4 Nc6 3. Nf3 d6 4. Bb5 g6 5. d3 Bg7 6. 0-0 e5 7. Bxc6+ bxc6 8. fxe5 dxe5 9. Be3 Qb6 10. b3 Nf6 11. h3 0-0 12. Nc3 Nd7 13. Qe1 Re8 14. Qh4 h5 15. g4 Re6 16. Ng5 Qd8 17. Rxf7 Rf6 18. Rxg7+ Kh8 19. Nf7+ Kxg7 20. Nxd8 Ba6 21. Bg5 Rd6 22. Be7 Rd4 23. Rf1 Rb8 24. Rf7+ Kh8 25. gxh5 gxh5 26. Qxh5+ Kg8 27. Qg6+ Kh8 28. Rf8+ Nxf8 29. Nf7# 1-0

[Event "EU Union-ch U12"]
[Site "Kouty nad Desnou"]
[Date "2017.08.24"]
[Round "6"]
[White "Jordan, Felix"]
[Black "Vanduyfhuys, Igor"]
[Result "1-0"]
[WhiteElo "1480"]
[BlackElo "1530"]
[PlyCount "73"]
[EventDate "2017.08.19"]
[EventType "swiss"]
[EventRounds "9"]
[EventCountry "CZE"]
[SourceTitle "CBM 180 Extra"]
[Source "ChessBase"]
[SourceDate "2017.10.06"]
[SourceVersion "1"]
[SourceVersionDate "2017.10.06"]
[SourceQuality "1"]

1. e4 c5 2. Nf3 Nc6 3. d4 cxd4 4. Nxd4 Nf6 5. Nc3 g6 6. Be3 Bg7 7. f3 0-0 8. Qd2 d5 9. 0-0-0 dxe4 10. Nxc6 Qxd2+ 11. Rxd2 bxc6 12. Nxe4 Nxe4 13. fxe4 Rb8 14. b3 Bb7 15. Bc4 Rfd8 16. Rhd1 Rxd2 17. Rxd2 Kf8 18. Rd7 Ke8 19. Bxa7 Kxd7 20. Bxb8 e6 21. Bg3 c5 22. Bd3 f5 23. exf5 gxf5 24. Bf1 e5 25. Bf2 Kd6 26. g3 Bf3 27. Bh3 Bh6+ 28. Kb2 f4 29. Kc3 Kd5 30. a4 Be2 31. gxf4 Bxf4 32. Bg3 Bxg3 33. hxg3 Ke4 34. Kd2 Kf3 35. Bg4+ Kxg4 36. Kxe2 Kxg3 37. a5 1-0

[Event "EU Union-ch U12"]
[Site "Kouty nad Desnou"]
[Date "2017.08.19"]
[Round "1"]
[White "Vanduyfhuys, Igor"]
[Black "Lutz, Ruben"]
[Result "1/2-1/2"]
[WhiteElo "1530"]
[BlackElo "2007"]
[PlyCount "70"]
[EventDate "2017.08.19"]
[EventType "swiss"]
[EventRounds "9"]
[EventCountry "CZE"]
[SourceTitle "CBM 180 Extra"]
[Source "ChessBase"]
[SourceDate "2017.10.06"]
[SourceVersion "1"]
[SourceVersionDate "2017.10.06"]
[SourceQuality "1"]

1. e4 e6 2. d4 d5 3. Nc3 Nf6 4. e5 Nfd7 5. f4 c5 6. Nf3 Nc6 7. Be3 Be7 8. Qd2 0-0 9. dxc5 Nxc5 10. 0-0-0 a6 11. Kb1 b5 12. Bxc5 Bxc5 13. Bd3 Be7 14. g4 Qc7 15. Qe1 Nb4 16. Nd4 Bd7 17. Rf1 Nxd3 18. cxd3 Rac8 19. Rc1 Qb6 20. Qe3 Bc5 21. Nce2 b4 22. b3 a5 23. f5 Rfe8 24. f6 g6 25. Rf3 Bf8 26. Nc2 Qxe3 27. Nxe3 Rxc1+ 28. Kxc1 a4 29. Nd4 Rc8+ 30. Nec2 Bc5 31. Kb2 a3+ 32. Kb1 Bb6 33. Rf1 Bc5 34. Rc1 Kf8 35. g5 Ke8 1/2-1/2

[Event "EU Union-ch U10"]
[Site "Kouty nad Desnou"]
[Date "2016.08.14"]
[Round "9"]
[White "Vanduyfhuys, Igor"]
[Black "Rejniak, Zuzanna"]
[Result "1-0"]
[WhiteElo "1300"]
[BlackElo "1381"]
[PlyCount "91"]
[EventDate "2016.08.06"]
[EventType "swiss"]
[EventRounds "9"]
[EventCountry "CZE"]
[SourceTitle "CBM 174 Extra"]
[Source "ChessBase"]
[SourceDate "2016.10.10"]
[SourceVersion "1"]
[SourceVersionDate "2016.10.10"]
[SourceQuality "1"]

1. e4 c5 2. Nf3 e6 3. d3 Nc6 4. Nbd2 Qc7 5. g3 Nf6 6. Bg2 Be7 7. 0-0 0-0 8. Re1 d6 9. Nf1 Bd7 10. h4 Rab8 11. N1h2 e5 12. Bg5 Ng4 13. c3 Nxh2 14. Kxh2 Bg4 15. Rh1 h6 16. Be3 Bf6 17. Qd2 Qe7 18. Ng5 Qe8 19. f4 exf4 20. gxf4 Be7 21. f5 Bf6 22. Kg3 Ne5 23. Kf2 Qd8 24. d4 Nc4 25. Qc1 Nxe3 26. Qxe3 Bxg5 27. hxg5 Qxg5 28. Qxg5 hxg5 29. Rae1 g6 30. f6 Bh5 31. Bf3 g4 32. Reg1 Rfe8 33. Bxg4 Bxg4 34. Rxg4 Re6 35. Rf4 g5 36. Rf5 Rxf6 37. Rxf6 cxd4 38. Rf5 Kg7 39. Rxg5+ Kf6 40. Rf5+ Ke6 41. cxd4 Rc8 42. d5+ Ke7 43. Rh7 Rc2+ 44. Ke3 Rxb2 45. Rfxf7+ Kd8 46. Rh8# 1-0

[Event "EU Union-ch U10"]
[Site "Kouty nad Desnou"]
[Date "2016.08.07"]
[Round "2"]
[White "Pasti, Aron"]
[Black "Vanduyfhuys, Igor"]
[Result "1-0"]
[WhiteElo "1785"]
[BlackElo "1300"]
[PlyCount "97"]
[EventDate "2016.08.06"]
[EventType "swiss"]
[EventRounds "9"]
[EventCountry "CZE"]
[SourceTitle "CBM 174 Extra"]
[Source "ChessBase"]
[SourceDate "2016.10.10"]
[SourceVersion "1"]
[SourceVersionDate "2016.10.10"]
[SourceQuality "1"]

1. e4 c5 2. Nf3 Nc6 3. d4 cxd4 4. Nxd4 g6 5. Nc3 Bg7 6. Be3 d6 7. Be2 Nf6 8. 0-0 0-0 9. Kh1 Bd7 10. f4 a6 11. Bf3 b5 12. e5 dxe5 13. Nxc6 Bxc6 14. Bxc6 Rb8 15. Qxd8 Rfxd8 16. fxe5 Ng4 17. Ba7 Rbc8 18. Bb7 Rc4 19. Bd5 Rcc8 20. Bxf7+ Kh8 21. Be6 Nxh2 22. Kxh2 Bxe5+ 23. Kh1 Rc6 24. Bd5 Rxc3 25. bxc3 Rxd5 26. Rfd1 Bxc3 27. Rxd5 Bxa1 28. Bd4+ Bxd4 29. Rxd4 Kg7 30. Kg1 h5 31. Kf2 Kf6 32. Ke3 g5 33. Rd8 h4 34. Ra8 g4 35. Kf4 h3 36. gxh3 gxh3 37. Rxa6+ e6 38. Kg3 Kf5 39. Kxh3 e5 40. Kg3 Kg5 41. Ra5 Kh5 42. Rxb5 Kg5 43. Rxe5+ Kh6 44. Kg4 Kg6 45. Re6+ Kh7 46. Kg5 Kg7 47. Re7+ Kh8 48. Kg6 Kg8 49. Re8# 1-0

[Event "EU-ch U10 25th"]
[Site "Porec"]
[Date "2015.09.22"]
[Round "2"]
[White "Vanduyfhuys, Igor"]
[Black "Pajcin, Lav"]
[Result "0-1"]
[WhiteElo "1368"]
[BlackElo "1794"]
[PlyCount "104"]
[EventDate "2015.09.21"]
[EventType "swiss"]
[EventRounds "9"]
[EventCountry "CRO"]
[SourceTitle "EXT 2016"]
[Source "ChessBase"]
[SourceDate "2015.10.08"]
[SourceVersion "1"]
[SourceVersionDate "2015.10.08"]
[SourceQuality "1"]

1. e4 e5 2. Nf3 Nc6 3. Bc4 Bc5 4. c3 Nf6 5. d4 exd4 6. e5 d5 7. Bb5 Ne4 8. cxd4 Be7 9. 0-0 0-0 10. Nbd2 f5 11. Re1 Be6 12. a3 a6 13. Bxc6 bxc6 14. Qc2 Qd7 15. Nb3 Rfb8 16. Nfd2 Rb6 17. Nxe4 dxe4 18. Nc5 Bxc5 19. Qxc5 Rb5 20. Qc3 Rb3 21. Qd2 Rd3 22. Qb4 Rxd4 23. Qb7 Rd8 24. Be3 Rd3 25. h3 h6 26. Qxa6 Bb3 27. Qb7 Bd5 28. Qb4 Rb3 29. Qd2 Qe6 30. a4 Rdb8 31. Reb1 Kh7 32. a5 Qxe5 33. Bd4 Qe7 34. Bc3 Ra8 35. Qd4 Rbb8 36. Qe5 Qxe5 37. Bxe5 Rb7 38. Ra3 g5 39. h4 Kg6 40. Kf1 f4 41. g3 f3 42. Rd1 Kf5 43. Bg7 h5 44. hxg5 Kxg5 45. Be5 Kf5 46. Bf4 Rxb2 47. Kg1 h4 48. Bxc7 h3 49. Rf1 Bc4 50. Rc1 h2+ 51. Kxh2 Rxf2+ 52. Kh3 Rh8# 0-1